Đang tải...

Trabancore, the foot prints of destiny my life and times under the grace of lord padmanabha as told to Uma Maheswari

Chi tiết về thư mục
Tác giả chính: Uthradom Tirunal Marthanda Varma
Định dạng: Printed Book
Ngôn ngữ:English
Được phát hành: Delhi Konark publishers 2010
Những chủ đề:
LEADER 00768nam a22001697a 4500
005 20151026133004.0
008 110224t xxu||||| |||| 00| 0 eng d
080 |a 92(UTH)  |b UTH R 
100 |a Uthradom Tirunal Marthanda Varma  |9 14821 
245 |a Trabancore, the foot prints of destiny  |b my life and times under the grace of lord padmanabha as told to Uma Maheswari 
300 |a 274p. 
653 |a Uthradom Tirunal Marthanda Varma  |a Travancore (Princely State) - Kings and rulers - Biography  |a Travancore (Princely State) - History 
942 |c REF  |6 _ 
260 |a Delhi  |b Konark publishers  |c 2010  |9 14822 
020 |a 9788122007749 
999 |c 61033  |d 61033 
952 |0 0  |1 0  |2 udc  |4 0  |6 92UTH_UTHR  |7 1  |9 73535  |a UL  |b UL  |c REF  |d 2011-02-24  |o 92(UTH) UTH R  |p 00064387  |r 2011-02-24  |w 2011-02-24  |y REF